Central Library OPAC University of Rajshahi

The Mediterranean in politics / (Record no. 63219)

MARC details
000 -LEADER
fixed length control field 00798nam a2200253 a 4500
001 - CONTROL NUMBER
control field 63219
003 - CONTROL NUMBER IDENTIFIER
rucl marc code BD-RjUL
005 - DATE AND TIME OF LATEST TRANSACTION
control field 20211209081154.0
008 - FIXED-LENGTH DATA ELEMENTS--GENERAL INFORMATION
fixed length control field 170129s19381939enk 001 0 eng d
035 ## - SYSTEM CONTROL NUMBER
System control number (BD-RjUL)63348
040 ## - CATALOGING SOURCE
Original cataloging agency BD-RjUL
Transcribing agency BD-RjUL
Modifying agency BD-RjUL
Language of cataloging eng
041 ## - LANGUAGE CODE
Language code of text/sound track or separate title eng
082 ## - DEWEY DECIMAL CLASSIFICATION NUMBER
Edition number 23
Classification number 940.53
Author mark and year MOM 1939
100 1# - MAIN ENTRY--PERSONAL NAME
Personal name Monroe, Elizabeth.
9 (RLIN) 188166
245 14 - TITLE STATEMENT
Title The Mediterranean in politics /
Statement of responsibility, etc. by Elizabeth Monroe.
250 ## - EDITION STATEMENT
Edition statement 2nd ed.
260 ## - PUBLICATION, DISTRIBUTION, ETC. (IMPRINT)
Place of publication, distribution, etc. London :
Name of publisher, distributor, etc. Oxford University Press,
-- H. Milford,
Date of publication, distribution, etc. 1939.
300 ## - PHYSICAL DESCRIPTION
Pagination ix, 259 p. :
Illustrations ill. ;
Size 23 cm.
500 ## - GENERAL NOTE
General note Includes index
650 #0 - SUBJECT ADDED ENTRY--TOPICAL TERM
Topical term or geographic name as entry element Panislamism.
9 (RLIN) 188167
651 #0 - SUBJECT ADDED ENTRY--GEOGRAPHIC NAME
Geographic name Mediterranean Region
General subdivision Politics and government.
9 (RLIN) 188168
Geographic name Great Britain
General subdivision Foreign relations
Chronological subdivision 20th century.
9 (RLIN) 188169
942 ## - ADDED ENTRY ELEMENTS (KOHA)
Source of classification or shelving scheme Dewey Decimal Classification
Koha item type Books
Holdings
Lost status Source of classification or shelving scheme Damaged status Not for loan Collection code Permanent Location Current Location Shelving location Date acquired Source of acquisition Cost, normal purchase price Total Checkouts Full call number Date last seen Copy number Koha item type
  Dewey Decimal Classification   Not For Loan Non-fiction Central Library, University of Rajshahi Central Library, University of Rajshahi Reading Room 14/11/1966 Dacca, Qrichi 14.40   940.53 MOM 1939 29/01/2017 C-1 Books